Classes gramaticais - Statistics

Estatísticas Gerais
  • Esse quiz foi jogado 336 vezes
  • A pontuação média é 8 de 10
Estatísticas das Respostas
Hint Resposta % Correto
10 Verbo
94%
2 Adjetivo
92%
1 Advérbio
90%
9 Substantivo
87%
8 Pronome
80%
3 Artigo
70%
7 Preposição
69%
4 Conjunção
62%
6 Numeral
57%
5 Interjeição
50%
Nenhum quiz correspondente encontrado
Distribuição das Pontuações
Porcentagem de Pessoas com Cada Pontuação
Percentil de Números Respondidos
Sua Pontuação Histórica
Você não jogou esse quiz